<?xml version="1.0" encoding="UTF-8"?>
<record
    xmlns:xsi="http://www.w3.org/2001/XMLSchema-instance"
    xsi:schemaLocation="http://www.loc.gov/MARC21/slim http://www.loc.gov/standards/marcxml/schema/MARC21slim.xsd"
    xmlns="http://www.loc.gov/MARC21/slim">

  <leader>02213cam a22003015i 4500</leader>
  <datafield tag="999" ind1=" " ind2=" ">
    <subfield code="c">27872</subfield>
    <subfield code="d">27843</subfield>
  </datafield>
  <controlfield tag="001">018887579</controlfield>
  <controlfield tag="003">EG-ScBUE</controlfield>
  <controlfield tag="005">20200128102524.0</controlfield>
  <controlfield tag="008">160517s2016    enka   f b    001 0 eng d</controlfield>
  <datafield tag="020" ind1=" " ind2=" ">
    <subfield code="z">9781137531865</subfield>
  </datafield>
  <datafield tag="040" ind1=" " ind2=" ">
    <subfield code="a">Uk</subfield>
    <subfield code="b">eng</subfield>
    <subfield code="e">rda</subfield>
    <subfield code="c">Uk</subfield>
    <subfield code="d">EG-ScBUE</subfield>
  </datafield>
  <datafield tag="082" ind1="0" ind2="4">
    <subfield code="a">808.0669</subfield>
    <subfield code="b">GOD</subfield>
    <subfield code="2">22</subfield>
  </datafield>
  <datafield tag="100" ind1="1" ind2=" ">
    <subfield code="a">Godfrey, Jeanne,</subfield>
    <subfield code="e">author.</subfield>
    <subfield code="9">32886</subfield>
  </datafield>
  <datafield tag="245" ind1="1" ind2="0">
    <subfield code="a">Writing for university /</subfield>
    <subfield code="c">Jeanne Godfrey.</subfield>
  </datafield>
  <datafield tag="250" ind1=" " ind2=" ">
    <subfield code="a">Second edition.</subfield>
  </datafield>
  <datafield tag="264" ind1=" " ind2="1">
    <subfield code="a">London :</subfield>
    <subfield code="b">Palgrave Macmillan :</subfield>
    <subfield code="b">Red Globe Press,</subfield>
    <subfield code="c">2016.</subfield>
  </datafield>
  <datafield tag="300" ind1=" " ind2=" ">
    <subfield code="a">viii, 120 pages :</subfield>
    <subfield code="b">illustrations ;</subfield>
    <subfield code="c">15 cm.</subfield>
  </datafield>
  <datafield tag="336" ind1=" " ind2=" ">
    <subfield code="a">text</subfield>
    <subfield code="b">txt</subfield>
    <subfield code="2">rdacontent</subfield>
  </datafield>
  <datafield tag="337" ind1=" " ind2=" ">
    <subfield code="a">unmediated</subfield>
    <subfield code="b">n</subfield>
    <subfield code="2">rdamedia</subfield>
  </datafield>
  <datafield tag="338" ind1=" " ind2=" ">
    <subfield code="a">volume</subfield>
    <subfield code="b">nc</subfield>
    <subfield code="2">rdacarrier</subfield>
  </datafield>
  <datafield tag="490" ind1="0" ind2=" ">
    <subfield code="a">Pocket study skills</subfield>
  </datafield>
  <datafield tag="504" ind1=" " ind2=" ">
    <subfield code="a">Includes bibliographical references and index.</subfield>
  </datafield>
  <datafield tag="505" ind1="0" ind2=" ">
    <subfield code="a">PART I: INTRODUCTION.- 1. Myths and Facts About Academic Writing.- 2. What Academic Writing Looks Like.- 3. Your Writing Context and Purpose.- 4. The Five Essential Elements of Writing.- Summary.- PART II: ESSENTIAL ELEMENT 1: WRITE CRITICALLY.- 5. What Critical Writing Is.- 6. What Critical Writing Looks Like.- 7. Common Errors in Critical Writing.- Summary.- PART III: ESSENTIAL ELEMENT 2: USE YOUR SOURCES EFFECTIVELY AND CORRECTLY.- 8. Using Their Words Quotation.- 9. Using Your Words &#x2013; Paraphrase and Source Summary.- 10. Using Verbs To Show That You Understand Your Sources.- 11. Referencing Styles and Techniques.- 12. How To Avoid Accidental Plagiarism.- Summary.- PART IV: ESSENTIAL ELEMENT 3: LET YOUR OWN VOICE SHINE THROUGH.- 13. Making Your Own Voice Clear.- 14. Using Verbs To Show Your Own Position.- 15. Using I and We.- 16. Expressing Levels of Certainty and Caution.- Summary.- PART V: ESSENTIAL ELEMENT 4: WRITE FOR YOUR READER.- 17. Having a Clear Overall Structure.- 18. Having Clear Paragraph Structure.- 19. Developing a Clear Writing Style.- 20. Using Words Precisely.- Summary.- PART VI: ESSENTIAL ELEMENT 5: REWRITE LIKE AN EXPERT.- 21. The Process of Writing and Rewriting.- 22. Common Language Errors.- 23. A Checklist.- Summary.- Final Comments.</subfield>
  </datafield>
  <datafield tag="650" ind1=" " ind2="7">
    <subfield code="a">Academic writing</subfield>
    <subfield code="x">Technique.</subfield>
    <subfield code="2">BUEsh</subfield>
  </datafield>
  <datafield tag="653" ind1=" " ind2=" ">
    <subfield code="b">HHUUEENN</subfield>
    <subfield code="c">November2019</subfield>
  </datafield>
  <datafield tag="655" ind1=" " ind2=" ">
    <subfield code="v">Reading book</subfield>
  </datafield>
  <datafield tag="942" ind1=" " ind2=" ">
    <subfield code="2">ddc</subfield>
    <subfield code="c">BB</subfield>
  </datafield>
  <datafield tag="952" ind1=" " ind2=" ">
    <subfield code="0">0</subfield>
    <subfield code="1">0</subfield>
    <subfield code="2">ddc</subfield>
    <subfield code="4">0</subfield>
    <subfield code="7">0</subfield>
    <subfield code="8">Baccah</subfield>
    <subfield code="a">MAIN</subfield>
    <subfield code="b">MAIN</subfield>
    <subfield code="c">2ND</subfield>
    <subfield code="d">2019-11-26</subfield>
    <subfield code="e">Purchase</subfield>
    <subfield code="g">150.00</subfield>
    <subfield code="l">0</subfield>
    <subfield code="o">808.0669 GOD</subfield>
    <subfield code="p">000048347</subfield>
    <subfield code="r">2025-07-15 00:00:00</subfield>
    <subfield code="v">187.50</subfield>
    <subfield code="w">2019-11-26</subfield>
    <subfield code="y">BB</subfield>
  </datafield>
</record>
